Statystyki dla Złote karty Hiszpanów w EA FC 24

Kliknij tutaj aby rozwiązać quiz!

Ogólne statystyki

  • Ten quiz został rozwiązany 28 razy
  • Średni wynik to 35 z 204

Statystyki odpowiedzi

OverallZawodnik% Poprawnych
86Pedri
91%
89Rodri
91%
83Gavi
77%
83Alvaro Morata
59%
82Ferran Torres
59%
79Oliver Torres
59%
83Pau Torres
59%
83Jordi Alba
55%
84Koke
55%
84Thiago Alcantara
55%
82Daniel Carvajal
50%
86Dani Parejo
50%
80Jonathan Viera Ramos
50%
83Mikel Oyarzabal
50%
82David Garcia
45%
85Iago Aspas
45%
81Kepa Arrizabalaga
45%
83Nacho Fernandez
45%
83Sergio Busquets
45%
80Aleix Garcia
41%
81Alejandro Balde
41%
79Alvaro Garcia
41%
85Aymeric Laporte
41%
76Dani Garcia
41%
75Eric Garcia
41%
78Fran Garcia
41%
83Gerard Moreno
41%
84Mikel Merino
41%
77Raul Garcia
41%
79Robert Sanchez
41%
78Ruben Garcia
41%
75Unai Garcia
41%
75Victor Garcia
41%
76Alberto Moreno
36%
80Alex Moreno
36%
75Alvaro Sanchez
36%
80Brahim Diaz
36%
79Carlos Soler
36%
75Javi Sanchez
36%
82Joselu
36%
84Luis Alberto
36%
79Nico Williams
36%
80Sergi Roberto
36%
83Dani Olmo
32%
84Grimaldo
32%
75Ruben Pena
32%
80Saul Niguez
32%
83Unai Simon
32%
75Aaron Martin
27%
84Alex Remiro
27%
78Ansu Fati
27%
80Arnau Martinez Lopez
27%
79David Lopez
27%
77Diego Llorente
27%
82Inigo Martinez
27%
75Ivi Lopez
27%
84Marcos Llorente
27%
80Pau Lopez
27%
76Toni Martinez
27%
75Victor Diaz
27%
77Bryan Gil
23%
79Carles Gil
23%
79Cesar Azpilicueta
23%
80David Raya
23%
80Isco
23%
81Lucas Vazquez
23%
83Marco Asensio
23%
82Mario Hermoso
23%
83Borja Iglesias
18%
79Dani Ceballos
18%
75Hugo Guillamon
18%
82Jose Gaya
18%
79Marcos Alonso
18%
76Nicolas Iglesias
18%
80Oriol Romeu
18%
79Pedro
18%
81Pedro Porro
18%
81Raul Albiol
18%
78Sergio Reguilon
18%
80Zubimendi
18%
76Abel Ruiz
14%
75Alberto Gonzalez
14%
75Alex Fernandez
14%
81Fabian
14%
78Gabriel Veiga
14%
78Hector Bellerin
14%
81Iker Muniain
14%
80Jesus Navas
14%
77Juan Bernat
14%
75Marc Roca
14%
79Moi Gomez
14%
79Morales
14%
78Pablo Sarabia
14%
75Riqui Puig
14%
82Robin Le Normand
14%
81Sancet
14%
83Sergi Darder
14%
79Yeremy Pino
14%
80Adan
9%
76Alejandro Rodriguez
9%
79Ander Herrera
9%
79Ayoze Perez
9%
81Brais Mendez
9%
76Carles Perez
9%
78Dani Rodriguez
9%
75Denis Suarez
9%
77Diego Rico
9%
80Gerard Deulofeu
9%
78Guaita
9%
77Guruzeta
9%
82Isi Palazon
9%
77Jaume Costa
9%
82Javi Galan
9%
75Jose Callejon
9%
75Luis Hernandez Rodriguez
9%
77Manu Trigueros
9%
78Pepelu
9%
77Pepe Reina
9%
77Rafa Mir
9%
77Rodrigo Rodriguez
9%
76Ruben Perez
9%
75Samu Castillejo
9%
79Sergio Herrera
9%
75Sergio Perez
9%
80Suso
9%
77Unai Nunez
9%
80Zubeldia
9%
80Alex Berenguer
5%
76Alvaro Odriozola
5%
80Aritz Elustondo
5%
77Asier Illarramendi
5%
79Cucurella
5%
75Joaquin
5%
76Jonny
5%
75Jose Copete
5%
75Kike Barja
5%
75Oscar
5%
80Oscar De Marcos
5%
77Pablo Fornals
5%
75Pacheco
5%
76Patric
5%
75Portu
5%
76Puado
5%
77Rodrigo Riquelme
5%
78Vesga
5%
79Yuri Berchiche
5%
76Adria Pedrosa
0%
75 | 78Aitor
0%
76Aitor Ruibal
0%
76Alvaro Medran
0%
76Alvaro Valles Rosa
0%
76Ane Azkona Fuente
0%
79Angelino
0%
76Aridane
0%
77Brian Olivan
0%
75Caro
0%
79Catena
0%
76Cristian Tello
0%
79Dani Vivian
0%
80David Soria
0%
79De Tomas
0%
79Edgar
0%
80Edgar Badia
0%
75Edu Exposito
0%
76Embarba
0%
76Eric Curbelo
0%
75Esther Ayuso
0%
75Fali
0%
78Fernando
0%
75Ferran Jutgla
0%
75Fidel
0%
80Fran Beltran
0%
78Francisco Aliaga
0%
76Gorosabel
0%
75Ivan Jaime
0%
80Joan Jordan
0%
75Joni Montiel
0%
77Jordi Masip
0%
75Juan Cruz
0%
79Juanmi
0%
77Juan Miranda
0%
75Kevin
0%
77Lucas Torro
0%
78Luis Milla
0%
75Luis Rioja
0%
77Marcano
0%
79Marc Bartra
0%
77Melendo
0%
78Moncayola
0%
76Nacho Vidal
0%
75Omar Mascarell
0%
76Oscar Valentin
0%
78Pablo Maffeo
0%
76Pablo Mari Villar
0%
78Pedraza
0%
75Pedro Chirivella
0%
77Pere Milla
0%
75Raillo
0%
75Ruben Alcaraz
0%
75Ruben Duarte
0%
76Ruiz De Galarreta
0%
78Santi Comesana
0%
81Yeray
0%

Rozkład punktacji

Percentyl według liczby udzielonych odpowiedzi

Procent ludzi z każdym wynikiem

Twoja historia wyników

Nie rozwiązałeś tego quizu